[Event "ICS rated blitz match"]
[Site "204.178.125.65"]
[Date "2000.02.25"]
[Round "?"]
[White "Tinker"]
[Black "Hossa"]
[Result "1-0"]
[WhiteElo "2422"]
[BlackElo "2413"]
[PlyCount "133"]

1. e4 e5 2. Nf3 Nc6 3. Bb5 d6 4. d4 Bd7 5. Nc3 Nf6 6. Bxc6 Bxc6 7. Bg5 Be7 8.
dxe5 Nxe4 9. Bxe7 Qxe7 10. Nd5 Qd7 11. Qd4 Bxd5 12. Qxd5 Qc6 13. Qxc6+ bxc6 14.
O-O O-O 15. Rfe1 d5 16. Nd4 Rab8 17. f3 Nc5 18. Nxc6 Rxb2 19. Ne7+ Kh8 20. Nxd5
Rxc2 21. Rac1 Rxc1 22. Rxc1 Ne6 23. Rb1 Rd8 24. Ne7 h5 25. Nc6 Rd2 26. a4 Nf4
27. g3 Nh3+ 28. Kh1 a6 29. Rb7 Ng5 30. Rb3 Rf2 31. Kg1 Rxf3 32. Rb8+ Kh7 33.
Ra8 Rc3 34. Rxa6 Rc2 35. h4 Ne4 36. Nd8 Kg8 37. Rc6 Rxc6 38. Nxc6 Nxg3 39. a5
Ne2+ 40. Kf2 Nc3 41. a6 Nb5 42. a7 Nxa7 43. Nxa7 Kf8 44. Ke3 g6 45. Nb5 c6 46.
Nd4 c5 47. Nf3 Ke7 48. Ng5 f6 49. exf6+ Kxf6 50. Kf4 c4 51. Ne4+ Kg7 52. Kg5
Kh7 53. Kf6 Kg8 54. Kxg6 Kf8 55. Kxh5 Kg7 56. Kg5 Kh7 57. h5 Kg7 58. h6+ Kh7
59. Nc3 Kg8 60. Kg6 Kf8 61. h7 Ke7 62. h8=Q Kd7 63. Qf6 Kc7 64. Qa6 Kd7 65. Nb5
Kd8 66. Qd6+ Ke8 67. Nc7# 1-0

[Event "ICS rated blitz match"]
[Site "204.178.125.65"]
[Date "2000.02.25"]
[Round "?"]
[White "Hossa"]
[Black "Tinker"]
[Result "0-1"]
[WhiteElo "2397"]
[BlackElo "2438"]
[PlyCount "176"]

1. e4 e5 2. Nf3 Nc6 3. Bb5 Bd6 4. O-O Nge7 5. d3 a6 6. Ba4 O-O 7. Be3 Ng6 8.
Nc3 Be7 9. Nd2 b5 10. Bb3 Na5 11. Qh5 Nxb3 12. Nxb3 c6 13. f4 exf4 14. Bxf4 d6
15. Bg3 Be6 16. Nd4 Bd7 17. Nf5 Bxf5 18. Qxf5 Bf6 19. Nd1 Qe7 20. c3 Qa7+ 21.
Bf2 Qe7 22. Be3 Rfe8 23. g3 Qf8 24. Bd4 Bxd4+ 25. cxd4 d5 26. Rc1 dxe4 27. dxe4
Rad8 28. d5 cxd5 29. exd5 Re5 30. Qf2 Rexd5 31. Qa7 R5d6 32. Ne3 Ne5 33. Rc7
Rd2 34. Ng4 Nd7 35. Qxa6 Rxb2 36. Qb7 Qd6 37. a3 Rd2 38. Qa7 Rd3 39. Qb7 Rxa3
40. Rc8 Qd4+ 41. Kh1 Rxc8 42. Qxc8+ Nf8 43. Qf5 Qc4 44. Kg1 b4 45. Qg5 Qd4+ 46.
Kh1 Ng6 47. Qb5 Qe4+ 48. Kg1 Ra2 49. Nf2 Qd4 50. Qe8+ Nf8 51. Qc8 Qd5 52. Qb8
b3 53. Qf4 b2 54. Qb8 Qc4 55. Nd1 Qc5+ 56. Nf2 Qc1 57. Nd3 Qxf1+ 58. Kxf1 Ra1+
59. Ke2 b1=Q 60. Qxb1 Rxb1 61. h4 Ne6 62. Kf3 Rb3 63. Ke2 Nd4+ 64. Kd2 h5 65.
Ke3 Nf5+ 66. Kd2 Nxg3 67. Kc2 Ra3 68. Nb4 Ne4 69. Nd5 Rh3 70. Ne7+ Kf8 71. Nf5
g6 72. Nd4 f5 73. Kb2 Rxh4 74. Kb3 f4 75. Kc2 Ng5 76. Kd3 f3 77. Nc2 Re4 78.
Ne3 f2 79. Nf1 Re1 80. Nh2 Nh3 81. Kd4 Rh1 82. Nf3 f1=Q 83. Nd2 Qf2+ 84. Kc3
Qe3+ 85. Kb4 Qxd2+ 86. Kb5 Rc1 87. Ka4 Rb1 88. Ka3 Qa5# 0-1

[Event "ICS rated standard match"]
[Site "204.178.125.65"]
[Date "2000.02.25"]
[Round "?"]
[White "Hossa"]
[Black "PostModernist"]
[Result "1/2-1/2"]
[WhiteElo "2231"]
[BlackElo "2407"]
[PlyCount "135"]

1. e4 c6 2. d4 d5 3. Nc3 dxe4 4. Nxe4 Bf5 5. Ng3 Bg6 6. h4 h6 7. Nf3 Nd7 8. h5
Bh7 9. Bd3 Bxd3 10. Qxd3 Qc7 11. Bd2 Ngf6 12. O-O-O e6 13. Rde1 O-O-O 14. Rh4
Bd6 15. Ne4 Nxe4 16. Qxe4 Nf6 17. Qe2 Kb8 18. Qc4 c5 19. dxc5 Qxc5 20. Qxc5
Bxc5 21. Re2 Be7 22. c4 Kc8 23. Bc3 b6 24. Ne5 Nd7 25. Rg4 Nxe5 26. Bxe5 Bf6
27. Bxf6 gxf6 28. Rf4 f5 29. g4 fxg4 30. Rxf7 Rhf8 31. Rxa7 Rf6 32. Re7 Rd6 33.
a4 Kd8 34. Rh7 Rd7 35. Rh8+ Kc7 36. b4 Rd3 37. Rh7+ Rd7 38. Rxd7+ Kxd7 39. Re4
Rxf2 40. Rd4+ Ke7 41. Rxg4 Rh2 42. c5 bxc5 43. bxc5 Kd7 44. Rc4 Kc6 45. Re4
Rxh5 46. Rxe6+ Kxc5 47. a5 Kb4 48. Rb6+ Kxa5 49. Rb3 Rh1+ 50. Kd2 Rh2+ 51. Ke1
h5 52. Ra3+ Kb5 53. Rb3+ Kc4 54. Re3 Kd4 55. Re2 Rh3 56. Rd2+ Ke3 57. Re2+ Kf3
58. Rf2+ Kg3 59. Kf1 Rh1+ 60. Ke2 Rh2 61. Rxh2 Kxh2 62. Kf2 h4 63. Kf3 Kh3 64.
Kf2 Kh2 65. Kf3 h3 66. Kf2 Kh1 67. Kg3 h2 68. Kf2 1/2-1/2

[Event "ICS rated blitz match"]
[Site "204.178.125.65"]
[Date "2000.02.25"]
[Round "?"]
[White "PostModernist"]
[Black "Hossa"]
[Result "1-0"]
[WhiteElo "2582"]
[BlackElo "2383"]
[PlyCount "235"]

1. d4 Nf6 2. c4 e6 3. Nf3 b6 4. g3 Bb7 5. Bg2 Bb4+ 6. Nbd2 Be7 7. O-O c5 8. e3
cxd4 9. exd4 O-O 10. b3 d5 11. Bb2 Nbd7 12. Re1 a6 13. Qc2 Qc7 14. a4 Bb4 15.
Bc3 Qd6 16. Bxb4 Qxb4 17. Ng5 g6 18. Rac1 Rac8 19. Qd1 Rfe8 20. Qe2 e5 21. Qe3
exd4 22. Qxd4 b5 23. axb5 axb5 24. Bh3 bxc4 25. Bxd7 Nxd7 26. bxc4 Re7 27. Re3
Rxe3 28. Qxe3 Ba8 29. Rb1 Qd6 30. cxd5 Qxd5 31. f3 Rc2 32. Nb3 Rc8 33. Nd4 Rd8
34. Ne4 Re8 35. Qd3 f5 36. Nc3 Qf7 37. Ncb5 Ne5 38. Qa3 Qd5 39. Qb3 Rb8 40. Kf2
Nc4 41. Qc3 Qc5 42. Na3 Rxb1 43. Nxb1 Qd5 44. Nd2 Ne5 45. h4 Bb7 46. Qe3 Qd6
47. Ke2 Ba6+ 48. Kd1 Bd3 49. f4 Ng4 50. Qe8+ Qf8 51. Qxf8+ Kxf8 52. N2f3 Nf2+
53. Ke1 Ne4 54. Ne5 Ba6 55. Ne6+ Kg8 56. g4 fxg4 57. Nxg4 Bc8 58. Ng5 Nc5 59.
Ne5 Kg7 60. Kf2 h6 61. Ngf3 Ne4+ 62. Ke3 Nd6 63. Nd4 Bb7 64. Nd7 Bh1 65. Kd3
Be4+ 66. Ke2 Bd5 67. Nb6 Bg2 68. Kf2 Bh3 69. Kf3 Bf5 70. Na4 Be4+ 71. Ke3 Kh7
72. Nc5 Bg2 73. Nd7 Kg7 74. Nb6 Bf1 75. Kf3 Bh3 76. Nd5 Bc8 77. Nc7 Kg8 78.
Ncb5 Nc4 79. Ke4 Bd7 80. Kd3 Nb2+ 81. Ke3 Kf7 82. Nc3 Nc4+ 83. Kd3 Nd6 84. Nd5
Be6 85. Nc7 Bc4+ 86. Kc3 Ke7 87. Kb4 Kd7 88. Na8 Ba2 89. Nb6+ Kc7 90. Na4 Bb1
91. Nc3 Bd3 92. Nd5+ Kb7 93. Ne7 Nc8 94. Ng8 Nb6 95. Kc5 Na4+ 96. Kd6 h5 97.
Ne6 Kb8 98. Nf8 Nb2 99. Ne7 Nc4+ 100. Kc5 Ne3 101. Nfxg6 Bb1 102. Kd6 Nc4+ 103.
Ke6 Bc2 104. f5 Nd2 105. f6 Bb3+ 106. Nd5 Ne4 107. f7 Bxd5+ 108. Kxd5 Nf6+ 109.
Ke6 Ng4 110. f8=Q+ Kb7 111. Qg7+ Ka6 112. Nf4 Nh2 113. Qa1+ Kb5 114. Nd5 Nf3
115. Qb2+ Kc4 116. Qc3+ Kb5 117. Qb4+ Ka6 118. Qb6# 1-0

[Event "ICS rated blitz match"]
[Site "204.178.125.65"]
[Date "2000.02.25"]
[Round "?"]
[White "Hossa"]
[Black "PostModernist"]
[Result "0-1"]
[WhiteElo "2375"]
[BlackElo "2590"]
[PlyCount "120"]

1. e4 c6 2. d4 d5 3. Nc3 dxe4 4. Nxe4 Nd7 5. Bc4 Ngf6 6. Ng5 e6 7. Qe2 Nb6 8.
Bd3 h6 9. N5f3 c5 10. dxc5 Bxc5 11. Ne5 Nbd7 12. Ngf3 Nxe5 13. Nxe5 O-O 14. O-O
Qc7 15. Ng4 Nxg4 16. Qxg4 f5 17. Qc4 Bd6 18. g3 Rd8 19. Qb3 Qf7 20. Bc4 Be5 21.
Re1 Qf6 22. c3 Kh8 23. f4 Bc7 24. Be3 e5 25. fxe5 Bxe5 26. Rf1 b6 27. Rae1 Bd7
28. Bd5 Rac8 29. Rf3 h5 30. Re2 Re8 31. Bf7 Re7 32. Bxh5 g6 33. Bxg6 Qxg6 34.
Ref2 Bc6 35. Qc4 Rg8 36. Rf4 Rh7 37. Rd2 b5 38. Qf1 Qe8 39. Rf3 Bxf3 40. Qxf3
Qe7 41. Re2 Qh4 42. Rg2 Qe4 43. Kf2 Qb1 44. Qe2 Qxa2 45. Bd2 Qd5 46. Kf1 Re8
47. Bg5 Re6 48. Be3 Bg7 49. Kg1 Qe4 50. Kf2 f4 51. gxf4 Rh3 52. Kg1 Rxe3 53.
Qf1 Re1 54. Rg3 Rxf1+ 55. Kxf1 Qxf4+ 56. Kg2 Re2+ 57. Kh3 Qh6+ 58. Kg4 Qg6+ 59.
Kf4 Be5+ 60. Kf3 Qe4# 0-1

[Event "ICS rated blitz match"]
[Site "204.178.125.65"]
[Date "2000.02.25"]
[Round "?"]
[White "notradamus"]
[Black "Hossa"]
[Result "0-1"]
[WhiteElo "2107"]
[BlackElo "2368"]
[PlyCount "130"]

1. d4 Nf6 2. Nf3 e6 3. Bf4 d5 4. e3 Bd6 5. Bxd6 cxd6 6. c3 O-O 7. Nbd2 Re8 8.
Be2 Nc6 9. O-O e5 10. Bb5 Bg4 11. h3 Bxf3 12. Nxf3 Rc8 13. Nd2 Qb6 14. Bxc6
bxc6 15. Rb1 Rb8 16. Qa4 Rb7 17. Rfd1 Ree7 18. Qa3 Rbd7 19. Qb3 Qa6 20. Ra1 Qe2
21. Nf1 Rb7 22. Rd2 Qa6 23. Qc2 Ne4 24. Rdd1 Rb6 25. b3 g6 26. f3 Ng5 27. Rd2
Qa5 28. Rc1 exd4 29. cxd4 Ne6 30. Qc3 Qa6 31. Qd3 Qa3 32. Qc3 f5 33. Qb2 Qa6
34. Rdc2 f4 35. e4 dxe4 36. fxe4 f3 37. gxf3 Nf4 38. Kh2 Rf7 39. Qc3 Ne2 40.
Qe3 Nxc1 41. Qxc1 Rxf3 42. Ng3 Qd3 43. Qd2 Rxg3 44. Qxd3 Rxd3 45. d5 cxd5 46.
exd5 Rb8 47. Rc7 Rd2+ 48. Kg3 Rxa2 49. Rd7 Rxb3+ 50. Kf4 Rxh3 51. Kg5 Ra6 52.
Kf6 Rf3+ 53. Ke6 Rf8 54. Rxd6 Re8+ 55. Kd7 Rd8+ 56. Kxd8 Rxd6+ 57. Ke7 Rxd5 58.
Ke6 Rf5 59. Kd6 Kf7 60. Kc6 Ke6 61. Kc7 Rc5+ 62. Kb7 Kd6 63. Kxa7 Kc6 64. Ka6
Kc7 65. Ka7 Ra5# 0-1

[Event "ICS rated blitz match"]
[Site "204.178.125.65"]
[Date "2000.02.25"]
[Round "?"]
[White "Hossa"]
[Black "notradamus"]
[Result "1-0"]
[WhiteElo "2374"]
[BlackElo "2099"]
[PlyCount "31"]

1. e4 c6 2. d4 d5 3. exd5 cxd5 4. c4 Nf6 5. Nc3 g6 6. cxd5 Bg7 7. Bc4 Nbd7 8.
d6 exd6 9. Qe2+ Qe7 10. Nb5 Qxe2+ 11. Nxe2 Ke7 12. O-O Nb6 13. Bb3 Bd7 14. Nec3
a6 15. Re1+ Be6 16. Nc7 1-0

[Event "ICS rated blitz match"]
[Site "204.178.125.65"]
[Date "2000.02.25"]
[Round "?"]
[White "notradamus"]
[Black "Hossa"]
[Result "0-1"]
[WhiteElo "2094"]
[BlackElo "2379"]
[PlyCount "74"]

1. e4 e5 2. Nf3 Nc6 3. Bc4 Nf6 4. c3 Nxe4 5. O-O d5 6. Bb5 f6 7. d4 Be7 8. dxe5
O-O 9. exf6 Rxf6 10. Bg5 Nxg5 11. Nxg5 Rf8 12. Nf3 Bg4 13. Nbd2 Qd6 14. Qa4 Rf4
15. Qc2 Raf8 16. Rfe1 Bd8 17. h3 Bf5 18. Qd1 Qf6 19. Bf1 Bc8 20. Qe2 a6 21.
Rad1 Bd7 22. c4 dxc4 23. Nxc4 Bxh3 24. gxh3 Rxf3 25. Rd2 Qg6+ 26. Bg2 Rxf2 27.
Qxf2 Rxf2 28. Rxf2 Bh4 29. Ref1 Bxf2+ 30. Rxf2 Nd4 31. b3 Qg3 32. Nd2 b6 33.
Nf3 Ne6 34. Rd2 Nf4 35. Nd4 Qe1+ 36. Kh2 Qxd2 37. Nf5 Qxg2# 0-1

[Event "ICS rated blitz match"]
[Site "204.178.125.65"]
[Date "2000.02.25"]
[Round "?"]
[White "Hossa"]
[Black "notradamus"]
[Result "1-0"]
[WhiteElo "2384"]
[BlackElo "2089"]
[PlyCount "61"]

1. e4 e5 2. Nf3 Nc6 3. Nc3 Nf6 4. d4 exd4 5. Nxd4 Bc5 6. Nxc6 bxc6 7. Be2 Bb7
8. e5 Nd5 9. Ne4 Be7 10. c4 Nb6 11. c5 Nd5 12. Qb3 Qc8 13. Qg3 Kf8 14. O-O a5
15. Bh5 h6 16. Qf3 Qe8 17. Rd1 Kg8 18. Bg4 Kh7 19. Qf5+ g6 20. Qxd7 h5 21. Qxe8
Rhxe8 22. Bd7 Red8 23. Bh3 Ba6 24. f3 Nb4 25. Bg5 Bxg5 26. Nxg5+ Kg7 27. e6 f6
28. e7 Rd3 29. Ne6+ Kf7 30. Nxc7 Rxd1+ 31. Rxd1 1-0

[Event "ICS rated standard match"]
[Site "204.178.125.65"]
[Date "2000.02.26"]
[Round "?"]
[White "prg3"]
[Black "Hossa"]
[Result "1-0"]
[WhiteElo "2149"]
[BlackElo "2238"]
[PlyCount "145"]

1. d4 Nf6 2. c4 c5 3. d5 b5 4. cxb5 a6 5. bxa6 Bxa6 6. Nc3 d6 7. Nf3 g6 8. e4
Bxf1 9. Kxf1 Bg7 10. h3 O-O 11. Kg1 Nfd7 12. Kh2 c4 13. Be3 f5 14. exf5 Bxc3
15. bxc3 Rxf5 16. Qd4 Nf6 17. Qxc4 Rxd5 18. Rhd1 e6 19. Bg5 Nbd7 20. Rxd5 exd5
21. Qc6 Qf8 22. Bh6 Qb8 23. Rb1 Qxb1 24. Qxa8+ Qb8 25. Qxb8+ Nxb8 26. Be3 Ne4
27. Bd4 Nc6 28. Kg1 Kf7 29. Kf1 Na5 30. Ke2 Nc4 31. Ne1 Na3 32. f3 Ng3+ 33. Kd3
Nc4 34. Nc2 Nf5 35. Bf2 Nb2+ 36. Ke2 Na4 37. Kd2 Ke6 38. Nd4+ Nxd4 39. cxd4 Kd7
40. Kc2 Kc6 41. Kb3 Nb6 42. Bh4 h6 43. Bg3 Nc4 44. Bf4 g5 45. Bc1 Kc7 46. h4
gxh4 47. Bxh6 Na5+ 48. Kc3 Kb6 49. Bg5 Nc4 50. Kd3 Kb5 51. Bxh4 Ka4 52. Be7 Ka3
53. g4 Nb2+ 54. Ke2 Na4 55. g5 Kb4 56. g6 Kc3 57. g7 Kxd4 58. g8=Q Nc3+ 59. Kd2
Nb1+ 60. Kc2 Na3+ 61. Kb3 Nc4 62. Qg7+ Kc5 63. Qc3 Kb5 64. Qb4+ Kc6 65. a4 Kd7
66. Bf8 Kd8 67. Bxd6 Ne5 68. Bxe5 Kd7 69. Qd6+ Ke8 70. Qc7 Kf8 71. Bf6 d4 72.
Qe7+ Kg8 73. Qg7# 1-0

[Event "ICS rated blitz match"]
[Site "204.178.125.65"]
[Date "2000.02.26"]
[Round "?"]
[White "Bonin"]
[Black "Hossa"]
[Result "0-1"]
[WhiteElo "2345"]
[BlackElo "2389"]
[PlyCount "78"]

1. d4 Nf6 2. c4 e6 3. Nf3 b6 4. g3 Ba6 5. Qa4 c5 6. Bg2 Bb7 7. O-O cxd4 8. Nxd4
Bxg2 9. Kxg2 Be7 10. Rd1 O-O 11. Nc3 a6 12. Qc2 Qc7 13. b3 Rc8 14. Bb2 Nc6 15.
Rac1 Nxd4 16. Rxd4 Qa7 17. Qd2 Bc5 18. Rh4 Be7 19. Ne4 Nxe4 20. Rxe4 Qb7 21. f3
f5 22. Rd4 d6 23. Ba3 d5 24. Bxe7 Qxe7 25. cxd5 Rxc1 26. Qxc1 exd5 27. Qd2 Re8
28. Kf2 Qc5 29. e3 Rd8 30. Qd3 Qa3 31. Qxf5 Qxa2+ 32. Kg1 Qxb3 33. Qe6+ Kh8 34.
Qe7 Rc8 35. Kg2 Qc2+ 36. Kh3 Qf5+ 37. Kh4 h6 38. Rg4 g6 39. Kh3 h5 0-1

[Event "ICS rated standard match"]
[Site "204.178.125.65"]
[Date "2000.02.26"]
[Round "?"]
[White "manuelconj"]
[Black "Hossa"]
[Result "0-1"]
[WhiteElo "1873"]
[BlackElo "2218"]
[PlyCount "48"]

1. e4 e5 2. Nf3 d6 3. Nc3 Nf6 4. d4 exd4 5. Nxd4 Be7 6. Be3 O-O 7. f3 Re8 8.
Qd2 d5 9. O-O-O c5 10. Nf5 Bxf5 11. exf5 d4 12. Nb5 dxe3 13. Qxd8 Bxd8 14. Bc4
Nc6 15. Nd6 Re7 16. g4 Bc7 17. g5 Bxd6 18. gxf6 e2 19. Rde1 gxf6 20. Rhg1+ Kf8
21. Bxe2 Bxh2 22. Rg2 Bf4+ 23. Kb1 Rae8 24. Rh2 Bxh2 0-1

[Event "ICS rated standard match"]
[Site "204.178.125.65"]
[Date "2000.02.26"]
[Round "?"]
[White "Hossa"]
[Black "manuelconj"]
[Result "1-0"]
[WhiteElo "2222"]
[BlackElo "1869"]
[PlyCount "75"]

1. e4 d6 2. d4 Nf6 3. f3 g6 4. c4 Bg7 5. Nc3 O-O 6. Be3 Nc6 7. d5 Ne5 8. Qd2 c5
9. O-O-O a6 10. Bh6 Bd7 11. Bxg7 Kxg7 12. f4 Neg4 13. h3 Nh6 14. g4 Nhg8 15. e5
Ne8 16. Ne4 b5 17. Qc3 b4 18. Qe3 Qa5 19. Kb1 f5 20. Nd2 fxg4 21. e6 Ba4 22. b3
Nef6 23. bxa4 Qxa4 24. Be2 h5 25. f5 Nh6 26. hxg4 Nfxg4 27. Qg5 Rf6 28. Rxh5
Re8 29. Bxg4 Nxg4 30. Qxg4 Qxd1+ 31. Qxd1 gxh5 32. Qxh5 Rh8 33. Qg4+ Kf8 34.
Ne4 Rfh6 35. f6 exf6 36. Qg3 Rg8 37. e7+ Kf7 38. Qxg8+ 1-0

[Event "ICS rated standard match"]
[Site "204.178.125.65"]
[Date "2000.02.26"]
[Round "?"]
[White "manuelconj"]
[Black "Hossa"]
[Result "0-1"]
[WhiteElo "1865"]
[BlackElo "2226"]
[PlyCount "60"]

1. e4 e5 2. Nf3 Nc6 3. Bb5 a6 4. Ba4 Nf6 5. d3 d6 6. h3 Bd7 7. c3 Be7 8. Nbd2
O-O 9. Nf1 b5 10. Bb3 b4 11. Ne3 Rb8 12. O-O bxc3 13. bxc3 Rb7 14. Nh2 Rb5 15.
Nc2 d5 16. Na3 Rc5 17. d4 Rxc3 18. Bb2 Bxa3 19. Bxc3 Nxe4 20. Qd3 Nxd4 21. Bxd4
Bb5 22. Qf3 exd4 23. Rfe1 Nc3 24. Ng4 c5 25. Re5 c4 26. Bd1 Bb2 27. a4 Bc6 28.
Qg3 Bxa1 29. Nh6+ Kh8 30. Bh5 gxh6 0-1

[Event "ICS rated standard match"]
[Site "204.178.125.65"]
[Date "2000.02.26"]
[Round "?"]
[White "Hossa"]
[Black "manuelconj"]
[Result "1-0"]
[WhiteElo "2230"]
[BlackElo "1861"]
[PlyCount "47"]

1. e4 d6 2. d4 Nf6 3. Nc3 g6 4. f4 Bg7 5. Nf3 O-O 6. Bd3 Bg4 7. h3 Bxf3 8. Qxf3
Nbd7 9. e5 dxe5 10. dxe5 Ne8 11. Qxb7 Nc5 12. Qc6 Nxd3+ 13. cxd3 Qxd3 14. Qxa8
Nf6 15. Qxa7 Nh5 16. Rf1 Qg3+ 17. Qf2 Qd3 18. Qf3 Qc4 19. g4 Nxf4 20. Bxf4 Rd8
21. Rd1 Rb8 22. b3 Qa6 23. Rd7 e6 24. Bh6 1-0

[Event "ICS rated standard match"]
[Site "204.178.125.65"]
[Date "2000.02.26"]
[Round "?"]
[White "manuelconj"]
[Black "Hossa"]
[Result "0-1"]
[WhiteElo "1858"]
[BlackElo "2233"]
[PlyCount "56"]

1. e4 e5 2. Nf3 Nc6 3. Bc4 Bc5 4. O-O d6 5. c3 Qf6 6. d3 Bg4 7. Bg5 Qg6 8. Bh4
f6 9. Nbd2 Nge7 10. b4 Bb6 11. a4 a5 12. b5 Nd8 13. Qb3 Bc5 14. Rfe1 Ba7 15. d4
Rc8 16. Bg3 Qh6 17. h3 Bh5 18. Ra2 g5 19. Be6 Nxe6 20. Qxe6 Bf7 21. Qg4 Bxa2
22. dxe5 dxe5 23. c4 Qf8 24. Ra1 h5 25. Qe6 Rd8 26. Bxe5 Rxd2 27. Nxd2 fxe5 28.
Rxa2 Qxf2+ 0-1

[Event "ICS rated standard match"]
[Site "204.178.125.65"]
[Date "2000.02.26"]
[Round "?"]
[White "Hossa"]
[Black "manuelconj"]
[Result "1-0"]
[WhiteElo "2236"]
[BlackElo "1855"]
[PlyCount "45"]

1. e4 d6 2. d4 Nf6 3. Nc3 g6 4. f4 Bg7 5. Nf3 Bg4 6. e5 dxe5 7. fxe5 Nd5 8. Bc4
c6 9. O-O O-O 10. Ne4 b5 11. Bb3 a5 12. h3 Bf5 13. Ng3 Be6 14. a4 b4 15. Ng5
Qc8 16. Bd2 f5 17. Qf3 h6 18. Nxe6 Qxe6 19. Ne2 Na6 20. Nf4 Qd7 21. Nxd5 Kh8
22. Nf4 Qxd4+ 23. Be3 1-0

[Event "ICS rated blitz match"]
[Site "204.178.125.65"]
[Date "2000.02.26"]
[Round "?"]
[White "Hirug"]
[Black "Hossa"]
[Result "0-1"]
[WhiteElo "2284"]
[BlackElo "2403"]
[PlyCount "50"]

1. d4 Nf6 2. c4 e6 3. Nf3 b6 4. g3 Ba6 5. b3 Bb4+ 6. Bd2 Be7 7. Bg2 c6 8. Bc3
d5 9. Ne5 Nfd7 10. Nxd7 Nxd7 11. Nd2 O-O 12. O-O Rc8 13. Re1 f5 14. Rc1 Ba3 15.
Rc2 f4 16. Ba1 fxg3 17. hxg3 Qf6 18. Nf3 Bb4 19. Rf1 Qf5 20. Nh4 Qg4 21. Qd3 c5
22. dxc5 Bxc5 23. Bf3 Qxg3+ 24. Ng2 Ne5 25. Bxe5 Qxe5 0-1

[Event "ICS rated blitz match"]
[Site "204.178.125.65"]
[Date "2000.02.26"]
[Round "?"]
[White "Hossa"]
[Black "Hirug"]
[Result "1/2-1/2"]
[WhiteElo "2414"]
[BlackElo "2273"]
[PlyCount "37"]

1. e4 c5 2. Nf3 Nc6 3. d4 cxd4 4. Nxd4 Nf6 5. Nc3 e5 6. Ndb5 d6 7. Bg5 a6 8.
Na3 b5 9. Bxf6 gxf6 10. Nd5 f5 11. Bd3 Be6 12. Qh5 Rg8 13. g3 f4 14. Qxh7 Rg6
15. gxf4 Rh6 16. Qg8 Rg6 17. Qh8 Rh6 18. Qg8 Rg6 19. Qh8 1/2-1/2

[Event "ICS rated standard match"]
[Site "204.178.125.65"]
[Date "2000.02.26"]
[Round "?"]
[White "prg3"]
[Black "Hossa"]
[Result "1/2-1/2"]
[WhiteElo "2167"]
[BlackElo "2239"]
[PlyCount "204"]

1. d4 d5 2. c4 e6 3. Nc3 Nf6 4. cxd5 exd5 5. Bg5 Be7 6. e3 O-O 7. Bd3 c6 8. Qc2
Nbd7 9. Nf3 Re8 10. O-O Nf8 11. a3 Ng6 12. b4 Bg4 13. Nd2 Nd7 14. Bxe7 Qxe7 15.
Na4 Qg5 16. Rfe1 Bh3 17. Bf1 Bxg2 18. f4 Be4+ 19. fxg5 Bxc2 20. Nc5 Nxc5 21.
bxc5 Re7 22. Ra2 Bf5 23. Rb2 Rae8 24. Kf2 Nf4 25. Nf3 Nd3+ 26. Bxd3 Bxd3 27. a4
Kf8 28. a5 Be4 29. Nd2 Bf5 30. Rb3 Kg8 31. Ra1 Bc8 32. Rg1 Re6 33. Rg3 h6 34.
h4 h5 35. Rf3 R6e7 36. Rg3 Bg4 37. Rg1 Kh7 38. Rgb1 Bc8 39. Rg1 Bf5 40. Ra1 Bc2
41. Rc3 Be4 42. Rb3 f5 43. Rc3 Kg6 44. Kg3 Kf7 45. Kf4 a6 46. Rg1 Re6 47. Rg3
R8e7 48. Rg1 Kg6 49. Rf1 Re8 50. Rg1 Kh7 51. Rf1 g6 52. Rg1 Kg7 53. Rf1 R8e7
54. Rg1 Kh7 55. Rf1 Kg8 56. Rg1 Kf8 57. Rf1 Kf7 58. Rg1 Ke8 59. Rf1 Kd7 60. Rg1
Kc8 61. Rf1 Kb8 62. Rg1 Kc7 63. Rf1 Re8 64. Rg1 Kd8 65. Rf1 Kc8 66. Rg1 R6e7
67. Rf1 Kb8 68. Rg1 Ka8 69. Rf1 Ka7 70. Rg1 Re6 71. Rf1 R8e7 72. Re1 Rh7 73.
Ra1 Ka8 74. Rac1 Kb8 75. Re1 Kc8 76. Rg1 Kc7 77. Re1 Rf7 78. Rg1 Kd8 79. Rgc1
Ke8 80. Rg1 Rc7 81. Rf1 Kd8 82. Rg1 Rce7 83. Rf1 Rh7 84. Rg1 Ke8 85. Rgc1 Kf7
86. Ra1 Rh8 87. Rac1 Rhe8 88. Re1 Kf8 89. Rec1 R6e7 90. Ra1 Kg7 91. Rac1 Kf7
92. Re1 Kg8 93. Rg1 Re6 94. Re1 Kh8 95. Ra1 Kg8 96. Re1 Rf8 97. Rf1 Kg7 98. Rf2
Rh8 99. Rf1 Rhe8 100. Rg1 Kh7 101. Rf1 R8e7 102. Rg1 Kh8 1/2-1/2

[Event "ICS rated standard match"]
[Site "204.178.125.65"]
[Date "2000.02.26"]
[Round "?"]
[White "Hossa"]
[Black "prg3"]
[Result "1/2-1/2"]
[WhiteElo "2236"]
[BlackElo "2170"]
[PlyCount "145"]

1. Nf3 Nf6 2. g3 d5 3. Bg2 c5 4. d4 e6 5. e3 Nc6 6. O-O Bd6 7. Re1 O-O 8. Nc3
a6 9. Rb1 Bd7 10. e4 dxe4 11. Nxe4 Nxe4 12. Rxe4 cxd4 13. Nxd4 Qc7 14. Bg5 h6
15. Bh4 Be7 16. Bxe7 Nxe7 17. Qd2 Rfd8 18. Ree1 Bc6 19. Qc3 Rac8 20. Nxc6 Nxc6
21. Red1 Rd6 22. Rxd6 Qxd6 23. Qe3 Rd8 24. Qb6 Rd7 25. Be4 Qc7 26. Qxc7 Rxc7
27. Rd1 Kf8 28. Kf1 Ke7 29. c3 Rd7 30. Rxd7+ Kxd7 31. Ke2 b6 32. Bd3 a5 33. a4
Kd6 34. b3 Kc5 35. Bb5 Ne7 36. Be8 f6 37. Kd3 e5 38. h4 Nf5 39. h5 Nd6 40. Bg6
Nb7 41. g4 Nd6 42. Ke3 Kd5 43. Kf3 b5 44. axb5 Kc5 45. c4 Kb4 46. b6 Kc5 47.
Ke3 Kxb6 48. Bc2 Kc5 49. Kd2 Kd4 50. Bg6 Nb7 51. Bd3 Nc5 52. Bc2 Ne6 53. f3 Ng5
54. Bd1 e4 55. fxe4 Nxe4+ 56. Kc2 Ke3 57. Kb2 Kd3 58. Bc2+ Kd4 59. Ka3 Nc5 60.
b4 axb4+ 61. Kxb4 Nd7 62. Kb5 Nc5 63. Bf5 Nb3 64. Bg6 Nc5 65. Bc2 Ne6 66. Bf5
Nc5 67. Bg6 Nb3 68. Kb4 Nc5 69. Bh7 Nd7 70. Bf5 Nc5 71. Bb1 Nd7 72. Bf5 Nc5 73.
Bb1 1/2-1/2

[Event "ICS rated blitz match"]
[Site "204.178.125.65"]
[Date "2000.02.26"]
[Round "?"]
[White "Hossa"]
[Black "Kemet"]
[Result "1-0"]
[WhiteElo "2408"]
[BlackElo "2187"]
[PlyCount "37"]

1. e4 c5 2. Nf3 Nc6 3. d4 cxd4 4. Nxd4 Nf6 5. Nc3 e6 6. Ndb5 d6 7. Bf4 e5 8.
Bg5 a6 9. Bxf6 gxf6 10. Na3 b5 11. Nd5 f5 12. exf5 Bxf5 13. Qf3 Bd7 14. Nf6+
Ke7 15. Bd3 Nd4 16. Nd5+ Ke8 17. Nc7+ Qxc7 18. Qxa8+ Ke7 19. Qe4 1-0

[Event "ICS rated blitz match"]
[Site "204.178.125.65"]
[Date "2000.02.26"]
[Round "?"]
[White "Kemet"]
[Black "Hossa"]
[Result "1/2-1/2"]
[WhiteElo "2180"]
[BlackElo "2415"]
[PlyCount "98"]

1. c4 e5 2. Nc3 Nf6 3. e4 Bc5 4. g3 Nc6 5. Bg2 d6 6. h3 Bd7 7. Nge2 O-O 8. O-O
Qc8 9. Kh2 Be6 10. d3 Nd7 11. f4 f6 12. f5 Bf7 13. g4 a6 14. a3 Qd8 15. h4 Re8
16. Ng3 a5 17. g5 Nd4 18. Qg4 Nb3 19. Rb1 Nxc1 20. Rbxc1 fxg5 21. hxg5 Be3 22.
g6 hxg6 23. fxg6 Be6 24. Nf5 Bxc1 25. Rxc1 Bxf5 26. exf5 c6 27. Ne4 a4 28. Rf1
Rb8 29. Bh3 Qe7 30. f6 gxf6 31. Qh5 f5 32. Bxf5 Nf8 33. g7 Qxg7 34. Rg1 Qxg1+
35. Kxg1 Re7 36. Kf1 b5 37. Ke1 bxc4 38. Nf6+ Kg7 39. Qg5+ Kf7 40. Nh5 Ke8 41.
dxc4 Rxb2 42. Qg8 Rf7 43. Ng7+ Ke7 44. Be4 Ra2 45. Bxc6 Ra1+ 46. Ke2 Ra2+ 47.
Ke1 Ra1+ 48. Ke2 Ra2+ 49. Ke1 Ra1+ 1/2-1/2

[Event "ICS rated standard match"]
[Site "204.178.125.65"]
[Date "2000.02.26"]
[Round "?"]
[White "Alex72"]
[Black "Hossa"]
[Result "0-1"]
[WhiteElo "1875"]
[BlackElo "2233"]
[PlyCount "126"]

1. e4 e5 2. Nf3 Nc6 3. Bb5 a6 4. Bxc6 dxc6 5. d4 exd4 6. Qxd4 Qxd4 7. Nxd4 Bd7
8. Nc3 O-O-O 9. Be3 Re8 10. f3 f5 11. Kf2 fxe4 12. Nxe4 Nf6 13. Nxf6 gxf6 14.
Rhe1 Bd6 15. g3 h5 16. Bd2 Be5 17. c3 h4 18. Rh1 b6 19. f4 Bxd4+ 20. cxd4 hxg3+
21. hxg3 Bg4 22. Rxh8 Rxh8 23. Kg2 Be6 24. Re1 Bd5+ 25. Kf2 Rh2+ 26. Ke3 Rg2
27. f5 Rxg3+ 28. Kf4 Rf3+ 29. Kg4 Rf2 30. Bc3 Rg2+ 31. Kf4 Kd7 32. a3 Rh2 33.
Rg1 Rf2+ 34. Kg4 Be4 35. Re1 Bxf5+ 36. Kg3 Rc2 37. Rf1 Ke6 38. Re1+ Kf7 39. Bb4
Rxb2 40. Re7+ Kg6 41. Rxc7 Be4 42. Kf4 f5 43. Bf8 a5 44. Rg7+ Kf6 45. Rb7 Rb3
46. Bg7+ Ke6 47. Be5 a4 48. Rb8 b5 49. Re8+ Kd5 50. Rd8+ Kc4 51. Bd6 Kxd4 52.
Be5+ Kc5 53. Rd2 Kb6 54. Bb2 c5 55. Ke5 b4 56. axb4 cxb4 57. Rd6+ Kb5 58. Bd4
a3 59. Rb6+ Kc4 60. Ra6 Rd3 61. Ba7 b3 62. Rxa3 b2 63. Ra4+ Kb5 0-1